| 000 | 00528nam a2200145 4500 | ||
|---|---|---|---|
| 082 | _aMSEE-06 ANE | ||
| 100 | _aAneeqa Ijaz | ||
| 245 | _aReverse frequency allocation schemes in heterogeneous networks | ||
| 260 |
_aIslamabad _bNUST-SEECS _c2017 |
||
| 300 |
_a69p. _eCD Includes |
||
| 856 | _uhttp://10.250.8.41:8080/xmlui/handle/123456789/19005 | ||
| 942 |
_2ddc _cTHE |
||
| 999 |
_c332370 _d332370 |
||